Study of nose-patttern and nose-print of buffalo and cattle
Saved in:
| Main Author: | |
|---|---|
| Format: | Book |
| Language: | Undetermined |
| Published: |
Cần Thơ
Viện Đại Học Cần Thơ - Trường Cao Đẳng Nông Nghiệp
1973
|
| Subjects: | |
| Tags: |
Add Tag
No Tags, Be the first to tag this record!
|
| Institutions: | Trung tâm Học liệu Trường Đại học Cần Thơ |
|---|
| LEADER | 00636nam a2200181Ia 4500 | ||
|---|---|---|---|
| 001 | CTU_33540 | ||
| 008 | 210402s9999 xx 000 0 und d | ||
| 082 | |a 636.2082 | ||
| 082 | |b Th455 | ||
| 100 | |a Thái Văn Thống | ||
| 245 | 0 | |a Study of nose-patttern and nose-print of buffalo and cattle | |
| 245 | 0 | |c Thái Văn Thống | |
| 260 | |a Cần Thơ | ||
| 260 | |b Viện Đại Học Cần Thơ - Trường Cao Đẳng Nông Nghiệp | ||
| 260 | |c 1973 | ||
| 650 | |a buffaloes - breeding,cattle - breeding,domestic animals | ||
| 904 | |i Minh, 991102 | ||
| 980 | |a Trung tâm Học liệu Trường Đại học Cần Thơ | ||